Score 0/16 Timer 03:00
0 Plays Today
Film Title Missing Word % Correct
Some _____ it HotLike
95.7%
Hot ____ Time MachineTub
88.1%
____ on a Hot Tin RoofCat
87.2%
In Cold _______Blood
80.4%
Hot to _____Trot
68.6%
My Blood _____ ColdRuns
67.4%
Hot ______! Part DeuxShots
66.4%
Cold _________Mountain
65.2%
Film Title Missing Word % Correct
Hot _____Fuzz
58.1%
The Cold ______ of DayLight
47.6%
The ____ Who Came in from the ColdSpy
45.4%
______ Cold DeadStone
39%
The Hot ______Chick
37.5%
Hot ____Rod
23%
Cold _______ ManorCreek
22.1%
Cold _______Turkey
9.5%

Today's Daily Dose

Missing Word
Marvin Gaye Songs

Quick Pick
Movies of 2019

Get the Picture
Chinese Cities

You're not logged in!

Compare scores with friends on all Sporcle quizzes.
OR
Log In

Sporcle TV

Today on Sporcle TV


Watch our educational content, quiz creation guides, and fun videos on Sporcle TV.

Show Comments

Extras

Top Quizzes Today


Score Distribution

Your Account Isn't Verified!

In order to create a playlist on Sporcle, you need to verify the email address you used during registration. Go to your Sporcle Settings to finish the process.

Report this User

Report this user for behavior that violates our Community Guidelines.

Details: